Dálkový přenos dat /
Saved in:
| Main Author: | |
|---|---|
| Format: | Book |
| Published: |
Praha :
SNTL,
1985
|
| Tags: |
No Tags, Be the first to tag this record!
|
MARC
| LEADER | 00000nam a22000003a 4500 | ||
|---|---|---|---|
| 001 | stu15213 | ||
| 005 | 20150617225800.8 | ||
| 008 | ------s1985----cs----------------------d | ||
| 040 | |a STU |b slo | ||
| 041 | 0 | ||
| 044 | |a cs | ||
| 080 | |a 621.391 | ||
| 100 | 1 | |a Pužman, Josef |4 aut | |
| 245 | 1 | |a Dálkový přenos dat / |c [aut.]Pužman,Josef | |
| 260 | |a Praha : |b SNTL, |c 1985 | ||
| 300 | |a 507 s : |b Obr.,tab.,grafy,lit.,index | ||
| 996 | |b C79739 |c C*79739 |l CCVI |s P |a 0 |w stu15213_0001 | ||
| 996 | |b C75024 |c C*75024 |l CCII |s P |a 0 |w stu15213_0002 | ||